Restrukturalizace podniku jako rozhodovací proces

Proces podnikovej reštrukturalizácie ako rozhodovací proces. Procedurálna stránka reštrukturalizácie ako rozhodovacieho procesu. Iniciácia rozhodovania. Zhromaždenie a analýza podkladov a zhodnotenie všetkých relevantných informácií pre rozhodovanie. Vlastné rozhodovanie. Hĺbková analýza podniku. Re...

Descrizione completa

Salvato in:
Dettagli Bibliografici
Autore principale: Tětrevová, Liběna
Natura: Capitolo di libro
Lingua:ceco
Soggetti:
Tags: Aggiungi Tag
Nessun Tag, puoi essere il primo ad aggiungerne!!

MARC

LEADER 00000naa$a2200000$$$4500
001 0027844
005 20231107071201.7
041 0 |a cze 
044 |a CZ 
245 1 0 |a Restrukturalizace podniku jako rozhodovací proces  |c Liběna Tetřevová 
520 |a Proces podnikovej reštrukturalizácie ako rozhodovací proces. Procedurálna stránka reštrukturalizácie ako rozhodovacieho procesu. Iniciácia rozhodovania. Zhromaždenie a analýza podkladov a zhodnotenie všetkých relevantných informácií pre rozhodovanie. Vlastné rozhodovanie. Hĺbková analýza podniku. Realizácia rozhodnuitia a kontrola. 
610 2 0 |a reštrukturalizácia 
610 2 0 |a podnik 
610 2 0 |a rozhodovanie 
610 2 0 |a analýzy 
610 2 0 |a analýza ekonomická 
610 2 0 |a kritériá rozhodovania 
610 2 0 |a rozhodovanie podnikové 
100 1 |a Tětrevová, Liběna